MARC details
| 000 -CABECERA |
| campo de control de longitud fija |
01236nam a2200277 a 4500 |
| 001 - NÚMERO DE CONTROL |
| campo de control |
000044880 |
| 005 - FECHA Y HORA DE LA ÚLTIMA TRANSACCIÓN |
| campo de control |
20240520203612.0 |
| 008 - DATOS DE LONGITUD FIJA--INFORMACIÓN GENERAL |
| campo de control de longitud fija |
150115s2014 dr 000 0 spa d |
| 040 ## - FUENTE DE LA CATALOGACIÓN |
| Centro catalogador/agencia de origen |
DO-SdBNP |
| Lengua de catalogación |
spa |
| Centro/agencia transcriptor |
BNPHU |
| 082 ## - NÚMERO DE LA CLASIFICACIÓN DECIMAL DEWEY |
| Número de clasificación |
305.42 |
| Número de documento/Ítem |
G326d |
| 245 00 - MENCIÓN DE TÍTULO |
| Título |
Género, derechos de las mujeres y violencia de género / |
| Mención de responsabilidad, etc. |
consultoras Alina Ramírez, Cristina Santillán Odoate, Helena Martínez Bueno. |
| 260 ## - PUBLICACIÓN, DISTRIBUCIÓN, ETC. |
| Lugar de publicación, distribución, etc. |
Santo Domingo : |
| Nombre del editor, distribuidor, etc. |
Profamilia, |
| Fecha de publicación, distribución, etc. |
2014. |
| 300 ## - DESCRIPCIÓN FÍSICA |
| Extensión |
2v. ; |
| Dimensiones |
28 cm. |
| 500 ## - NOTA GENERAL |
| Nota general |
La biblioteca posee v.1. Manual para docentes - v.2. Cartilla de contenidos para estudiantes |
| 500 ## - NOTA GENERAL |
| Nota general |
Proyecto "Fortalecimiento de la acción de la policía en la lucha y atención a víctimas de violencia basada en género" |
| 500 ## - NOTA GENERAL |
| Nota general |
Incluye referencias bibliográficas y notas al pie de las páginas |
| 590 ## - NOTA LOCAL (RLIN) |
| Nota local |
Inventariado, 2018/MFF |
| 650 #4 - PUNTO DE ACCESO ADICIONAL DE MATERIA--TÉRMINO DE MATERIA |
| Término de materia o nombre geográfico como elemento de entrada |
Mujeres |
| Subdivisión general |
Condiciones sociales |
| 9 (RLIN) |
2063 |
| 650 #0 - PUNTO DE ACCESO ADICIONAL DE MATERIA--TÉRMINO DE MATERIA |
| Término de materia o nombre geográfico como elemento de entrada |
VIOLENCIA CONTRA LA MUJER |
| 9 (RLIN) |
38242 |
| 650 #0 - PUNTO DE ACCESO ADICIONAL DE MATERIA--TÉRMINO DE MATERIA |
| Término de materia o nombre geográfico como elemento de entrada |
Derechos de la mujer |
| 9 (RLIN) |
2527 |
| 700 12 - PUNTO DE ACCESO ADICIONAL--NOMBRE DE PERSONA |
| Nombre de persona |
Ramírez, Alina |
| 9 (RLIN) |
8554 |
| 700 12 - PUNTO DE ACCESO ADICIONAL--NOMBRE DE PERSONA |
| Nombre de persona |
Santillán Idoate, Cristina |
| 9 (RLIN) |
72887 |
| 700 12 - PUNTO DE ACCESO ADICIONAL--NOMBRE DE PERSONA |
| Nombre de persona |
Martínez Bueno, Helena |
| 9 (RLIN) |
72888 |
| 710 22 - PUNTO DE ACCESO ADICIONAL--NOMBRE DE ENTIDAD CORPORATIVA |
| Nombre de entidad corporativa o nombre de jurisdicción como elemento de entrada |
Asociación Dominicana Pro Bienestar de la Familia |
| 9 (RLIN) |
56602 |
| 910 ## - DATOS DE OPCIÓN DEL USUARIO (OCLC) |
| Datos de opción del usuario |
Validado. Control de calidad MFF |